| 000 | 01111nam a22002777a 4500 | ||
|---|---|---|---|
| 001 | BR9400547 | ||
| 003 | BR-BrBNA | ||
| 005 | 20230928093942.0 | ||
| 007 | ta | ||
| 008 | 230509b bl.||||| |||| 00| 0 por d | ||
| 040 |
_aBR-BrBNA _bpor _cBiblioteca Nacional de Agricultura |
||
| 041 | _a(Eng, Spa, Por) | ||
| 072 | _aU10 | ||
| 090 | _ U10 BR9400547 | ||
| 110 | 1 | _aCentro Nacional de Pesquisa em Arroz e Feijao, Goiania, GO (Brasil) | |
| 110 | 1 |
_aUniversidade Federal de Goias, Goiania (Brasil). Escola de Agronomia _910789 |
|
| 111 | 1 |
_a4. Simposio de Estatistica Aplicada a Experimentacao Agronomica36. Reuniao Anual da Regiao Brasileira da Sociedade Internacional de Biometria _cGoiania, GO (Brazil) _d15-19 Jul 1991 |
|
| 245 | 1 | _aAnais. 4. Simposio de Estatistica Aplicada a Experimentacao Agronomica e 36. Reuniao Anual da Regiao Brasileira da Sociedade Internacional de Biometria | |
| 260 | 3 |
_aGoiania, GO (Brasil): _c1991. |
|
| 300 | _a92 p. | ||
| 650 | _aBiometria | ||
| 650 | _aAnalise Estatistica | ||
| 650 | _aEstatistica Agricola | ||
| 909 |
_a202309 _bLucia _c55 _dLucia Elande |
||
| 942 | _cBK | ||
| 999 |
_c48089 _d48089 |
||